Waterloo's sunrise. (Record no. 60735)
[ view plain ]
| 000 -LEADER | |
|---|---|
| fixed length control field | 00690cam a2200193 4500 |
| 001 - CONTROL NUMBER | |
| control field | ABS61049 |
| 008 - FIXED-LENGTH DATA ELEMENTS--GENERAL INFORMATION | |
| fixed length control field | 000000n1999 000 0 eng u |
| 035 ## - SYSTEM CONTROL NUMBER | |
| System control number | (Sirsi) u101603 |
| 100 ## - MAIN ENTRY--PERSONAL NAME | |
| Personal name | Roberts, J. |
| 245 ## - TITLE STATEMENT | |
| Title | Waterloo's sunrise. |
| 260 ## - PUBLICATION, DISTRIBUTION, ETC. | |
| Date of publication, distribution, etc. | 1999 |
| 490 ## - SERIES STATEMENT | |
| Series statement | Estates Gazette |
| Volume/sequential designation | (9929) 24 July 1999, 51-54(4) |
| 520 ## - SUMMARY, ETC. | |
| Summary, etc. | Looks at proposals to transform the 30 acre area around Waterloo station. Plans include the modernisation of the South Bank centre, redevelopment of Waterloo station and the creation of retail and leisure space around the Bullring. |
| 650 ## - SUBJECT ADDED ENTRY--TOPICAL TERM | |
| Topical term or geographic name entry element | WATERLOO |
| 650 ## - SUBJECT ADDED ENTRY--TOPICAL TERM | |
| Topical term or geographic name entry element | LONDON |
| 650 ## - SUBJECT ADDED ENTRY--TOPICAL TERM | |
| Topical term or geographic name entry element | SOUTH BANK OF LONDON |
| 690 ## - LOCAL SUBJECT ADDED ENTRY--TOPICAL TERM (OCLC, RLIN) | |
| Topical term or geographic name as entry element | URBAN RENEWAL |
| 942 ## - ADDED ENTRY ELEMENTS (KOHA) | |
| Suppress in OPAC | 0 |
| Withdrawn status | Lost status | Source of classification or shelving scheme | Damaged status | Not for loan | Home library | Current library | Shelving location | Date acquired | Total Checkouts | Full call number | Barcode | Date last seen | Copy number | Price effective from | Koha item type |
|---|---|---|---|---|---|---|---|---|---|---|---|---|---|---|---|
| Dewey Decimal Classification | London | London | Journal article | 05/11/1999 | ABS61049 | 101603-1001 | 06/08/2019 | 1 | 06/08/2019 | Journal article |